Los nudos críticos de la educación en Chile / (Registro nro. 7095)
[ vista simple ]
| 000 -LEADER | |
|---|---|
| fixed length control field | 01757nam a22002897a 4500 |
| 003 - CONTROL NUMBER IDENTIFIER | |
| control field | OSt |
| 005 - DATE AND TIME OF LATEST TRANSACTION | |
| control field | 20210203113748.0 |
| 008 - FIXED-LENGTH DATA ELEMENTS--GENERAL INFORMATION | |
| fixed length control field | 210203s2013 cl ado|gr|||| 00| 0 spa d |
| 020 ## - INTERNATIONAL STANDARD BOOK NUMBER | |
| International Standard Book Number | 9789562273718 |
| 040 ## - CATALOGING SOURCE | |
| Original cataloging agency | CO-JMCR |
| Transcribing agency | CO-JMCR |
| 041 0# - LANGUAGE CODE | |
| Language code of text/sound track or separate title | spa |
| 082 04 - DEWEY DECIMAL CLASSIFICATION NUMBER | |
| Classification number | 370.983 |
| Item number | P586n |
| Edition number | 23 |
| 100 1# - MAIN ENTRY--PERSONAL NAME | |
| Personal name | Picazo V., María Inés, |
| Relator term | editora |
| 9 (RLIN) | 12993 |
| 245 14 - TITLE STATEMENT | |
| Title | Los nudos críticos de la educación en Chile / |
| Statement of responsibility, etc. | María Inés Picazo V., Violeta Montero, Carlos Muñoz |
| 250 ## - EDITION STATEMENT | |
| Edition statement | Primera edición |
| 260 ## - PUBLICATION, DISTRIBUTION, ETC. | |
| Place of publication, distribution, etc. | Chile, |
| Name of publisher, distributor, etc. | Universidad de Concepción, |
| Date of publication, distribution, etc. | 2013 |
| 300 ## - PHYSICAL DESCRIPTION | |
| Extent | 164 páginas ; |
| Dimensions | 23 cm. |
| 490 0# - SERIES STATEMENT | |
| Series statement | Monografías |
| 505 0# - FORMATTED CONTENTS NOTE | |
| Formatted contents note | El papel del estado y del sector privado o difícil convergencia entre el derecho a una educación de calidad y la libertad de enseñanza -- Condiciones laborales del magisterio, la regulación de la profesión y mecanismos de evaluación -- Escuela y diversidad. Desafío para una educación inclusiva en la sociedad del conocimiento |
| 520 0# - SUMMARY, ETC. | |
| Summary, etc. | <br/>"El presente libro analiza el complejo escenario de la educación en Chile y propone una interpretación a partir del análisis de tres grandes nudos críticos: El papel del Estado y del sector privado, lo que ilustra la pugna entre los principios del derecho a una educación de calidad y de la libertad de enseñanza; Las condiciones laborales del magisterio, la regulación del ejercicio de la profesión y los mecanismos de evaluación docente; El papel de la escuela en temas valóricos y culturales. |
| Uniform Resource Identifier | <a href="Tapa posterior.">Tapa posterior.</a> |
| 650 24 - SUBJECT ADDED ENTRY--TOPICAL TERM | |
| Topical term or geographic name entry element | Educación. |
| 9 (RLIN) | 12994 |
| 650 24 - SUBJECT ADDED ENTRY--TOPICAL TERM | |
| Topical term or geographic name entry element | Educación y estado |
| Geographic subdivision | Chile |
| 9 (RLIN) | 12995 |
| 650 24 - SUBJECT ADDED ENTRY--TOPICAL TERM | |
| Topical term or geographic name entry element | Educación |
| Geographic subdivision | Chile |
| 9 (RLIN) | 12996 |
| 700 1# - ADDED ENTRY--PERSONAL NAME | |
| Personal name | Montero, Violeta |
| Relator term | editora |
| 9 (RLIN) | 12997 |
| 700 1# - ADDED ENTRY--PERSONAL NAME | |
| Personal name | Muñoz, Carlos, |
| Relator term | editor |
| 9 (RLIN) | 12998 |
| 942 ## - ADDED ENTRY ELEMENTS (KOHA) | |
| Source of classification or shelving scheme | Dewey Decimal Classification |
| Koha item type | Books |
| Withdrawn status | Lost status | Source of classification or shelving scheme | Damaged status | Not for loan | Home library | Current library | Shelving location | Date acquired | Source of acquisition | Total Checkouts | Full call number | Barcode | Date last seen | Date last checked out | Copy number | Price effective from | Koha item type |
|---|---|---|---|---|---|---|---|---|---|---|---|---|---|---|---|---|---|
| Dewey Decimal Classification | Biblioteca Pública José María del Castillo y Rada | Biblioteca Pública José María del Castillo y Rada | General Stacks | 10/02/2020 | Donación | 1 | 370.983 / P586n | 201810129 | 10/24/2025 | 10/24/2025 | Ej.1 | 10/02/2020 | Books |